000 00299nam a22001217a 4500
008 260530b |||||||| |||| 00| 0 eng d
020 _a9789381275153
100 _aChor, Prahlad
245 _aAvayavasarah
260 _aBangalore
_bPoorna Prajna Samshodhan Trust
_c2012
300 _a58p
942 _2ddc
999 _c1486
_d1486